Λεξικόν των ενδόξων ανδρών : των εν τη ιστορία του Θουκυδίδου

Αποθηκεύτηκε σε:
Λεπτομέρειες βιβλιογραφικής εγγραφής
Κύριος συγγραφέας: Δούκας, Νεόφυτος, 1760-1845
Μορφή: Βιβλίο
Γλώσσα:Greek
Δημοσίευση: Εν Βιέννη : Παρά Γεωργίω Βενδωτη, 1806.
Θέματα:
Ετικέτες: Προσθήκη ετικέτας
Δεν υπάρχουν, Καταχωρήστε ετικέτα πρώτοι!

MARC

LEADER 00000cam a2200000 i 4500
001 1/64279
008 150120s1806 gr | ||| |||| ||gre||
035 |l 10120557 
040 |a GR-MyUA  |b gre  |e AACR2 
041 0 |a gre 
082 0 |a 884.3  |2 (23) 
100 1 |a Δούκας, Νεόφυτος,   |d 1760-1845. 
245 1 0 |a Λεξικόν των ενδόξων ανδρών :   |b των εν τη ιστορία του Θουκυδίδου /   |c συνερανισθέν και τύποις εκδοθέν παρά Νεοφύτου Δούκα.  
260 |a Εν Βιέννη :   |b Παρά Γεωργίω Βενδωτη,   |c 1806.  
300 |a 243 σ. ;   |c 21 εκ.  
500 |a Στο recto κ στη σ. τ. σφραγίδα "Πορφυριάς Αστική Σχολή Καρλοβασίων" με αρ. 507.  
600 0 0 |a Θουκυδίδης,   |d 470-394. 
650 0 0 |a Greek language, Medieval and late  |x Dictionaries. 
650 0 0 |a Classical philology. 
852 |a INST  |b SAMOS  |c PORFYRIADA  |e 20150120  |h 884.3 ΘΟΥ  |p 005300041276  |q 005300041276  |t NOLOAN  |v τομ.9:  |y 23 
853 |a INST  |b SAMOS  |c PORFYRIADA  |h 884.3 ΘΟΥ 
901 |a BIBL3-2015-1 
909 |a Σ  |b 185871 
970 |a ΣΙΤΖΙΜΗ  |b ΓΙΑΣΕΜΗ  |z 2015/01/20